| 000 | 00403pab a2200145 454500 | ||
|---|---|---|---|
| 008 | 180718b1988 xxu||||| |||| 00| 0 eng d | ||
| 100 | _aJones, Govin W. | ||
| 245 |
_aUrbanisation trends in Southeast Asia _bSome issues for policy |
||
| 260 | _c1988 | ||
| 300 | _a137-54 | ||
| 362 | _aMar. | ||
| 650 | _aUrbanisation - Asia, South East | ||
| 773 | _aJournal of Southeast Asian Studies | ||
| 909 | _a20164 | ||
| 999 |
_c20164 _d20164 |
||